000 00697nam a2200169 i 4500
001 87352
003 ES-MaACL
005 20230906175644.0
008 041221s1971 sp |||| | spa d
100 1 _aKrul, Nicolás.
_968912
245 1 0 _aAhorro financiero y desarrollo económico
_b: problemas y políticas de fomento del ahorro privado en los países en vías de desarrollo /
_cpor Nicolás Krul ; [traducción de Baltasar Aymerich Corominas].
260 _aMadrid :
_bConfederación Española de Cajas de Ahorros,
_c[1971]
300 _a327 p. ;
_c21 cm.
650 4 _aAhorro-
_zPaíses en desarrollo.
_9170919
700 1 _aAymerich Corominas, Baltasar.
_924181
852 _aES-MaACL
_jC-38254
999 _c87352
_d87352